000 00801nam a2200265Ia 4500
003 OSt
005 20220918171253.0
006 a|||||r|||| 00| 0
007 ta
008 220917b |||||||| |||| 00| 0 eng d
020 _a9781446266397 (pbk)
_c2510.36
024 _a289,507
037 _b2574, 28/03/2016, Govinda Book House
_cTextual
040 _aARTS
_cARTS
_beng
041 _2eng
_aeng
082 _aSN1:86, Q5
100 _aCorrie Sarah
_935215
245 0 _aCBT supervision Sarah Corrie and David A Lane
260 _aLondon
_bSage UK
_c2015
300 _axii, 242p.
_ccm.
650 _aPSYCHOLOGY
700 _a Lane David A
_935216
942 _hSN1:86, Q5
_cTEXL
_2CC
999 _c138666
_d138666